000 00615nam a2200205 i 4500
001 83611
003 ES-MaACL
005 20250822100418.0
007 t|
008 041117s1960 sp ||||1| spa d
100 1 _aJacobs, W. W.
_965851
245 1 0 _aA la caza del suegro /
_cW.W. Jacobs ; [traducción de R. Berenguer].
260 _a[Barcelona :
_bG.P.,
_c1960]
300 _a160 p. ;
_c17 cm.
490 1 _aLibros de humor "El Gorrión"
700 1 _aBerenguer, R.
_927889
830 0 0 _aLibros de humor "El Gorrión"
_9181844
852 _aES-MaACL
_jC-17320
_bR.45424
999 _c83611
_d83611